000 00558nam a22001817a 4500
999 _c185503
_d185503
005 20220203114942.0
010 _aENG-131375
020 _a9789389624434
_c400.00
035 _aEN-114907
037 _bDBAD
082 _aS
100 _aRamanand, Sunil
245 _aCops In A Quagmire/
_cSunil Ramanand
260 _aMaharashtra
_bVihwakarma Publications
_c2020
270 _a34A/1, Suyog Center, 7th Floor, Gultekadi Marketyard Road, Giridhar Bhavan Chowk
_bPune
_e411037
_minfo@vpindia.co.in
300 _a312p.
_c22cm(pbk)
942 _2ddc
_cEN
_hS
_mRAM